Problemi i strategije kontrole troškova prometa. 2.

V každom maloobchodnom podniku tvoria náklady na nákup (dodávky) cca 80 perc. celkových nákladov. Preto sú hlavným objektom kontroly nákladov. Pôsobenie "dodávateľských skupín" v niektorých európskych štátoch. Údaje za r. 1980-1988 o počte predajní, ich veľkosti, obrate, ušetrených nákladoch, formác...

Descrizione completa

Salvato in:
Dettagli Bibliografici
Autore principale: Lukic, R.
Natura: Capitolo di libro
Lingua:serbo
Soggetti:
Tags: Aggiungi Tag
Nessun Tag, puoi essere il primo ad aggiungerne!!

MARC

LEADER 00000naa a2200000 4500
001 r002086
005 20220819194523.2
041 0 |a srp 
044 |a [YU] 
245 1 0 |a Problemi i strategije kontrole troškova prometa. 2.  |c R. Lukic 
520 |a V každom maloobchodnom podniku tvoria náklady na nákup (dodávky) cca 80 perc. celkových nákladov. Preto sú hlavným objektom kontroly nákladov. Pôsobenie "dodávateľských skupín" v niektorých európskych štátoch. Údaje za r. 1980-1988 o počte predajní, ich veľkosti, obrate, ušetrených nákladoch, formách predaja, počte pracovníkov so skrátenou pracovnou dobou. 
610 2 0 |a podnik obchodný 
610 2 0 |a maloobchod 
610 2 0 |a náklady obehu 
610 2 0 |a kontrola 
610 2 0 |a predajne 
610 2 0 |a predaj 
610 2 0 |a obrat obchodný 
610 2 0 |a doba pracovná 
610 2 0 |a údaje štatistické 
610 2 0 |a 1980-1988 
610 2 0 |a pracovníci 
100 1 |a Lukic, R.